000 01401cad a22003135a 4500
001 L122979
008 030701s2003 xxk 000 0 eng u
020 _a1904388124
035 _a(Sirsi) u122979
041 _aeng
050 _a711.54
_c18
100 _aDixon, Tim
245 _aMixed use urban regeneration at Brindleyplace, Birmingham and Gunwharf Quays, Portsmouth
_ban assessment of the impact on local and national economies
_h[electronic resource]
260 _aReading
_bCollege of Estate Management
_c2003
300 _a77p.
_bill.
_c30cm.
350 _a75
490 _aCollege of Estate Management Research Report
520 _aA new report by the BPF and the College of Estate Management which uses regeneration schemes at Brindleyplace in Birmingham and Gunwharf Quays in Portsmouth to show that property-led mixed-use regeneration projects can bring significant economic benefits. View an executive summary at www.bpf.org.uk/.
650 _aECONOMIC IMPACT
650 _aREGENERATION PROJECTS
650 _aURBAN REGENERATION
650 _aMIXED-USE DEVELOPMENTS
690 _aREGENERATION
700 _aMarston, Andrew
710 _aCollege of Estate Management
_9400
710 _aBritish Property Federation
_91604
856 _uhttps://www.cem.ac.uk/OurResearch/ReportsAndPublications/ResearchPapers.aspx?id=376
_zView the report at www.cem.ac.uk
942 _n0
999 _c102965
_d102965